| 000 | 01251cam a2200385 i 4500 | ||
|---|---|---|---|
| 999 |
_c200443251 _d61463 |
||
| 001 | 200443251 | ||
| 003 | TR-AnTOB | ||
| 005 | 20230414184424.0 | ||
| 007 | ta | ||
| 008 | 990802s1996 tu a b 000 0 tur d | ||
| 020 | _a9757439061 | ||
| 020 | _a9789757439066 | ||
| 035 | _a(OCoLC)42434604 | ||
| 035 | _a(TR-AnTOB)200443251 | ||
| 040 |
_aPUL _beng _erda _cPUL _dBGZ _dTR-AnTOB |
||
| 041 | 0 | _atur | |
| 043 | _aa-tu--- | ||
| 050 | 4 |
_aHF5823 _b.T37 1996 |
|
| 090 |
_aHF5823 _b.T37 1996 |
||
| 100 | 1 |
_aTaş, Oktay _eauthor _960092 |
|
| 245 | 1 | 0 |
_aReklamcılık ve siyasal reklamcılık / _cOktay Taş, Tarık Z. Şahım. |
| 264 | 1 |
_a[Place of publication not identified] : _b[publisher not identified], _c1996. |
|
| 300 |
_a200, [4] pages : _billustrations ; _c28 cm |
||
| 336 |
_atext _btxt _2rdacontent |
||
| 337 |
_aunmediated _bn _2rdamedia |
||
| 338 |
_avolume _bnc _2rdacarrier |
||
| 650 | 7 |
_aReklamcılık _2etuturkob _972685 |
|
| 650 | 7 |
_aReklamcılık _zTürkiye _2etuturkob _938695 |
|
| 650 | 7 |
_aReklamcılık, Siyasal _2etuturkob _9132358 |
|
| 650 | 7 |
_aReklamcılık, Siyasal _zTürkiye _2etuturkob _9132358 |
|
| 700 | 1 |
_aŞahım, Tarık _eauthor _9103640 |
|
| 942 |
_2lcc _cBK |
||